000 00435nam a2200181Ia 4500
001 9292
003 IN-NITTTR
005 20251114233046.0
008 251113s9999||||xx |||||||||||||| ||eng||
040 _beng
040 _cIN-NITTTR
041 _aeng
082 _a375 M119T
100 _aMacintosh, H. G.
245 0 _aTowards a Freer Curriculum. /
_cMacintosh, H. G., Smith, L. A.
700 _a Smith, L. A.
942 _2ddc
_cBK
999 _c11929
_d11929